Τα Μύστικα της Ζωής / Νέα Έκδοση Αυξημένη και Βελτιωμένη (Record no. 2191)
[ view plain ]
| 000 -LEADER | |
|---|---|
| fixed length control field | 01619cam a22001934a 4500 |
| 005 - ΗΜΕΡΟΜΗΝΙΑ ΚΑΙ ΩΡΑ ΤΕΛΕΥΤΑΙΑΣ ΕΝΗΜΕΡΩΣΗΣ | |
| Πεδίο ελέγχου | 20250605164033.0 |
| 008 - FIXED-LENGTH DATA ELEMENTS--GENERAL INFORMATION | |
| Πεδίο ελέγχου σταθερού μήκους | 250528s ||||||||||||||||||||||||d |
| 035 ## - SYSTEM CONTROL NUMBER | |
| System control number | 16718 |
| 040 ## - ΠΗΓΗ ΚΑΤΑΛΟΓΟΓΡΑΦΗΣΗΣ | |
| Φορέας πρωτότυπης καταλογογράφησης | MC Athens Campus Library |
| Γλώσσα καταλογογράφησης | Ελληνικά, Μοντέρνα (1453-) |
| Modifying agency | MC Athens Campus Library |
| Κανόνες περιγραφικής καταλογογράφησης | AACR2 |
| 245 1# - ΤΙΤΛΟΣ ΚΑΙ ΔΗΛΩΣΗ ΥΠΕΥΘΥΝΟΤΗΤΑΣ | |
| Τίτλος | Τα Μύστικα της Ζωής / Νέα Έκδοση Αυξημένη και Βελτιωμένη |
| 260 ## - PUBLICATION, DISTRIBUTION, ETC. | |
| Name of publisher, distributor, etc. | Αθήνα, |
| Date of publication, distribution, etc. | 1965 |
| 300 ## - PHYSICAL DESCRIPTION | |
| Extent | 240 |
| 505 0# - FORMATTED CONTENTS NOTE | |
| Formatted contents note | Ποιός ο Συγγραφεύς, Η Ζωή, Σκέψεις για τη Ζωή, Η Αγάπη, Η Αγάπη προς τον Πλησίον, Η Ελπίδα, Η Απελπισία, Η Ευτυχία, Η Φτώχεια, Ο Πλούτος, Το Μυστικό της Επιτυχίας και Ευτυχίας, Η Προσευχή και η Πίστημ, Η Εποχή μας, Ο Χρόνος, Ο Χαρακτήρας, Ο Φόβος, Το Μίσος, Τι Πρέπει να Θυμάσαι, Στοχασμοί και Σκέψεις, Επίλογος. |
| 520 ## - SUMMARY, ETC. | |
| Summary, etc. | Ποιός ο Συγγραφεύς, Η Ζωή, Σκέψεις για τη Ζωή, Η Αγάπη, Η Αγάπη προς τον Πλησίον, Η Ελπίδα, Η Απελπισία, Η Ευτυχία, Η Φτώχεια, Ο Πλούτος, Το Μυστικό της Επιτυχίας και Ευτυχίας, Η Προσευχή και η Πίστημ, Η Εποχή μας, Ο Χρόνος, Ο Χαρακτήρας, Ο Φόβος, Το Μίσος, Τι Πρέπει να Θυμάσαι, Στοχασμοί και Σκέψεις, Επίλογος. |
| 700 1# - ΠΡΟΣΘΕΤΗ ΑΝΑΓΡΑΦΗ--ΦΥΣΙΚΟ ΠΡΟΣΩΠΟ | |
| Personal name | Γαλανάκη Γ.Ε |
| 9 (RLIN) | 2809 |
| 942 ## - ADDED ENTRY ELEMENTS (KOHA) | |
| Koha item type | Books |
| Τύπος τεκμηρίου | Βιβλιοθήκη | Τρέχουσα τοποθεσία | Barcode | Αριθμός εισαγωγής | Ημερομηνία απόκτησης | Ταξιθετικό σύμβολο | Αριθμός αντιτύπου | Κατάσταση απόσυρσης | Κατάσταση χαμένου | Κατάσταση κατεστραμμένου | Μη δανεισμός | Σύνολο δανεισμών | Ημερομηνία τελευταίας εμφάνισης | Η τιμή ισχύει από |
|---|---|---|---|---|---|---|---|---|---|---|---|---|---|---|
| Books | MC Athens Campus Library | MC Athens Campus Library | 9780000021908 | 4936 | 05/06/2025 | 889.4 GAL | 1 | 05/06/2025 | 05/06/2025 |